[Event "WYCC 2018 G16"]
[Site "Halkidiki"]
[Date "2018.10.22"]
[Round "4"]
[White "Cramling Bellon, Anna"]
[Black "Simkunaite, Gabija"]
[Result "1/2-1/2"]
[WhiteElo "2025"]
[BlackElo "1650"]
[Annotator "NA"]
[PlyCount "148"]
[EventDate "2018.10.20"]
[EventType "swiss"]
[EventCountry "GRE"]
[SourceTitle "playchess.com"]
[Source "ChessBase"]
[SourceQuality "1"]
[TimeControl "40/5400+30:1800+30"]

1. d4 {[%emt 0:00:00]} Nf6 {[%emt 0:00:00]} 2. c4 {[%emt 0:00:00]} e5 {[%emt 0:00:34]} 3. dxe5 {[%emt 0:00:05]} Ng4 {[%emt 0:00:15]} 4. Bf4 {[%emt 0:00:35]} Nc6 {[%emt 0:00:42]} 5. Nf3 {[%emt 0:00:06]} Bb4+ {[%emt 0:00:17]} 6. Nbd2 {[%emt 0:00:49]} Qe7 {[%emt 0:00:38]} 7. e3 {[%emt 0:00:45]} Ngxe5 {[%emt 0:00:22]} 8. Nxe5 {[%emt 0:00:12]} Nxe5 {[%emt 0:00:09]} 9. Be2 {[%emt 0:00:39]} d6 {[%emt 0:00:42]} 10. O-O {[%emt 0:00:16]} O-O {[%emt 0:00:38]} 11. Nb3 {[%emt 0:06:05]} Rd8 {[%emt 0:08:36] A52: Budapest Gambit} (11... Nd7 12. a3 Bc5 13. Nxc5 Nxc5 14. b4 Ne6 15. Bg3 a5 16. Qc2 Qf6 17. c5 axb4 18. cxd6 cxd6 19. Qc4 Rxa3 20. Rxa3 bxa3 21. Bxd6 {½-½ (57) Ashwin,J (2495)-Jacobson,B (2472) Charlotte 2018}) 12. Qc2 {[%emt 0:20:38]} Bd7 {[%emt 0:13:44]} 13. a3 {[%emt 0:19:38]} Bc5 {[%emt 0:00:16]} 14. Nxc5 {[%emt 0:00:38]} dxc5 {[%emt 0:00:16]} 15. Qc3 {[%emt 0:10:50]} f6 $146 {[%emt 0:04:46]} ({Predecessor:} 15... Re8 16. Rad1 Bc6 17. Bxe5 Qxe5 18. Qxe5 Rxe5 19. Rd2 {0-1 (60) Avsitidiysky,A-Panayiotou,M Limassol 2009}) 16. b4 {[%emt 0:00:11]} cxb4 {[%emt 0:02:16]} 17. axb4 {[%emt 0:00:12]} Bf5 {[%emt 0:03:41]} 18. Bxe5 {[%emt 0:12:14]} Qxe5 {[%emt 0:00:51]} 19. Qxe5 {[%emt 0:00:08]} fxe5 {[%emt 0:00:04]} 20. Ra5 {[%emt 0:00:15]} Re8 {[%emt 0:01:30]} 21. f4 {[%emt 0:03:21]} Bd7 {[%emt 0:02:07]} 22. Rd1 {[%emt 0:16:23]} Bc6 {[%emt 0:03:25]} 23. Rxe5 {[%emt 0:00:57]} Rxe5 {[%emt 0:02:57]} 24. fxe5 {[%emt 0:00:01]} Re8 {[%emt 0:02:08]} 25. Bh5 {[%emt 0:06:55]} g6 {[%emt 0:00:26]} 26. Bf3 {[%emt 0:00:01]} Bxf3 {[%emt 0:04:50]} 27. gxf3 {[%emt 0:00:01]} Rxe5 {[%emt 0:00:10]} 28. Rd7 {[%emt 0:00:18]} b5 {[%emt 0:01:25]} 29. cxb5 {[%emt 0:01:38]} Rxb5 {[%emt 0:00:58]} 30. Rxc7 {[%emt 0:00:07]} a6 {[%emt 0:00:50]} 31. Rc6 {[%emt 0:00:41]} Rxb4 {[%emt 0:00:24]} 32. Rxa6 $16 {[%emt 0:00:05]} Rb2 {[%emt 0:00:06]} 33. Ra7 {[%emt 0:00:15]} g5 {[%emt 0:00:56]} 34. h3 {[%emt 0:00:58]} h6 {[%emt 0:00:16]} 35. e4 {[%emt 0:00:06]} Rc2 {[%emt 0:01:17]} 36. Rb7 {[%emt 0:00:09]} Ra2 {[%emt 0:00:35]} 37. Rc7 {[%emt 0:00:37]} Rb2 {[%emt 0:00:09]} 38. Rd7 {[%emt 0:00:30]} Rc2 39. Re7 {[%emt 0:00:54]} Rb2 {[%emt 0:00:39]} 40. Rc7 {[%emt 0:00:00]} Ra2 41. Rc1 Kf7 {[%emt 0:04:27]} 42. Rf1 {[%emt 0:10:32]} Ke6 {[%emt 0:00:09]} 43. Rf2 {[%emt 0:00:04]} Ra1+ {[%emt 0:00:13]} 44. Kg2 {[%emt 0:00:06]} Ke5 {[%emt 0:00:36]} 45. Kg3 h5 46. h4 {[%emt 0:13:43]} g4 {[%emt 0:05:22]} 47. fxg4 {[%emt 0:04:07]} hxg4 {[%emt 0:01:28]} 48. Kxg4 {[%emt 0:02:59]} Rg1+ {[%emt 0:00:36]} 49. Kf3 {[%emt 0:00:30]} Rh1 {[%emt 0:00:14]} 50. Rg2 {[%emt 0:03:41]} Rxh4 {[%emt 0:00:10]} 51. Rg5+ {[%emt 0:00:07]} Ke6 {[%emt 0:00:14]} 52. Ke3 {[%emt 0:00:29]} Rh1 {[%emt 0:00:09]} 53. Kd3 {[%emt 0:01:06]} Rd1+ {[%emt 0:00:16]} 54. Ke2 {[%emt 0:00:13]} Rh1 {[%emt 0:00:08]} 55. Rf5 {[%emt 0:00:47]} Ra1 {[%emt 0:00:24]} 56. Rd5 {[%emt 0:00:27]} Rh1 {[%emt 0:00:15]} 57. Ke3 {[%emt 0:00:45]} Re1+ {[%emt 0:00:06]} 58. Kf3 {[%emt 0:00:27]} Rf1+ {[%emt 0:00:06]} 59. Ke2 {[%emt 0:00:14]} Rh1 {[%emt 0:00:05]} 60. Kd2 {[%emt 0:00:08]} Ra1 {[%emt 0:00:08]} 61. Rb5 {[%emt 0:00:27]} Rh1 {[%emt 0:00:15]} 62. Kd3 {[%emt 0:01:05]} Rd1+ {[%emt 0:00:09]} 63. Ke3 {[%emt 0:00:43]} Re1+ {[%emt 0:00:05]} 64. Kf3 {[%emt 0:00:06]} Rf1+ {[%emt 0:00:05]} 65. Ke2 {[%emt 0:00:09]} Ra1 {[%emt 0:00:04]} 66. Rc5 {[%emt 0:00:43]} Rh1 {[%emt 0:00:19]} 67. Kd2 {[%emt 0:00:44]} Ra1 {[%emt 0:00:10]} 68. Kc2 {[%emt 0:00:13]} Rh1 {[%emt 0:00:11]} 69. Rd5 {[%emt 0:00:57]} Re1 {[%emt 0:00:16]} 70. Kd3 {[%emt 0:00:19]} Rd1+ {[%emt 0:00:09]} 71. Kc4 {[%emt 0:00:14]} Rc1+ {[%emt 0:00:03]} 72. Kd4 {[%emt 0:00:40]} Rd1+ {[%emt 0:00:09]} 73. Kc5 {[%emt 0:00:06]} Rc1+ {[%emt 0:00:04]} 74. Kb5 {[%emt 0:01:15]} Re1 {[%emt 0:00:08]} 1/2-1/2

[Event "WYCC 2018 G16"]
[Site "Halkidiki"]
[Date "2018.10.22"]
[Round "4"]
[White "Sosa Suarez, Carla Cristina"]
[Black "Muetsch, Annmarie"]
[Result "1/2-1/2"]
[WhiteElo "2025"]
[BlackElo "2206"]
[Annotator "NA"]
[PlyCount "72"]
[EventDate "2018.10.20"]
[EventType "swiss"]
[EventCountry "GRE"]
[SourceTitle "playchess.com"]
[Source "ChessBase"]
[SourceQuality "1"]
[TimeControl "40/5400+30:1800+30"]

1. e4 {[%emt 0:00:00]} e5 {[%emt 0:00:00]} 2. Nf3 {[%emt 0:00:00]} Nc6 {[%emt 0:00:00]} 3. Bc4 {[%emt 0:00:00]} Bc5 {[%emt 0:00:00]} 4. c3 {[%emt 0:00:00]} Nf6 {[%emt 0:00:04]} 5. d3 {[%emt 0:00:00]} a6 {[%emt 0:00:16]} 6. O-O {[%emt 0:01:44]} Ba7 {[%emt 0:01:39]} 7. Bb3 {[%emt 0:01:24]} d6 {[%emt 0:00:45]} 8. Be3 {[%emt 0:01:40]} O-O {[%emt 0:06:39]} 9. Nbd2 {[%emt 0:04:33]} h6 {[%emt 0:06:32]} 10. Re1 {[%emt 0:07:28]} Nh5 {[%emt 0:07:02]} 11. Nf1 {[%emt 0:17:45]} Qf6 {[%emt 0:06:16]} 12. Ng3 {[%emt 0:22:56]} Bg4 {[%emt 0:04:08]} 13. h3 {[%emt 0:14:55]} Bxf3 {[%emt 0:01:07]} 14. Nxh5 {[%emt 0:01:58]} Bxh5 {[%emt 0:02:46]} 15. Qxh5 {[%emt 0:00:10]} Ne7 {[%emt 0:02:16]} 16. Qg4 {[%emt 0:05:46]} Kh7 $16 {[%emt 0:05:54]} (16... a5 $14) 17. Rf1 {[%emt 0:06:58]} a5 {[%emt 0:25:30]} 18. a4 {[%emt 0:03:47]} c6 {[%emt 0:01:52]} 19. Bxa7 {[%emt 0:04:19]} Rxa7 {[%emt 0:00:06]} 20. f4 {[%emt 0:01:08]} Kg8 {[%emt 0:10:45]} 21. fxe5 {[%emt 0:02:57]} Qxe5 {[%emt 0:00:14]} 22. d4 {[%emt 0:03:06]} Qg5 {[%emt 0:00:26]} 23. Qd7 {[%emt 0:01:37]} d5 {[%emt 0:04:02]} 24. Rae1 {[%emt 0:02:25]} Raa8 {[%emt 0:03:34]} 25. exd5 {[%emt 0:00:52]} Nxd5 {[%emt 0:00:16]} 26. Bxd5 {[%emt 0:01:26]} Qxd5 {[%emt 0:00:43]} 27. Qxd5 {[%emt 0:01:11]} cxd5 {[%emt 0:00:07]} 28. Re7 {[%emt 0:00:17]} b5 {[%emt 0:05:38]} 29. Rf5 {[%emt 0:01:53]} bxa4 {[%emt 0:02:09]} 30. Rxd5 {[%emt 0:00:23]} Rfb8 {[%emt 0:00:54]} 31. Rdd7 {[%emt 0:04:22]} Rxb2 32. Rxf7 {[%emt 0:00:08]} a3 {[%emt 0:02:07]} 33. Rxg7+ {[%emt 0:00:06]} Kh8 {[%emt 0:00:48]} 34. Rh7+ {[%emt 0:00:05]} Kg8 {[%emt 0:00:03]} 35. Rhg7+ {[%emt 0:00:05]} Kh8 {[%emt 0:00:06]} 36. Rh7+ {[%emt 0:00:01]} Kg8 {[%emt 0:00:05]} 1/2-1/2

[Event "WYCC 2018 G16"]
[Site "Halkidiki"]
[Date "2018.10.22"]
[Round "4"]
[White "Miroshnik, Ekaterina"]
[Black "Hilario, Aleyla"]
[Result "0-1"]
[WhiteElo "2023"]
[BlackElo "2175"]
[Annotator "TA"]
[PlyCount "184"]
[EventDate "2018.10.20"]
[EventType "swiss"]
[EventCountry "GRE"]
[SourceTitle "playchess.com"]
[Source "ChessBase"]
[SourceQuality "1"]

{[%evp 11,184,17,19,12,8,0,6,2,30,31,33,29,35,27,50,50,57,56,59,61,70,34,35,0,0,0,12,12,16,-21,-26,-60,-51,-19,0,0,12,0,0,0,0,0,16,0,26,-31,-32,-23,-35,-160,0,0,0,-27,-17,-7,-18,-205,-202,-183,-191,-391,-389,-389,-368,-334,-319,-414,-338,-311,-187,-198,-179,-216,-185,-176,-172,-272,-284,-279,-258,-270,-222,-235,-218,-466,-483,-460,-337,-358,-333,-327,-324,-314,-288,-302,-219,-377,-246,-241,-232,-315,-296,-430,-420,-655,-476,-432,-218,-430,-418,-513,-468,-605,-529,-543,-309,-5705,-386,-377,-357,-512,-281,-267,-271,-292,-282,-281,-272,-260,-248,-346,-337,-390,-337,-420,-411,-369,-381,-351,0,-926,-942,-754,-722,-1052,-1226,-2172,-1918,-6172,-2204,-29953,-4974,-29955,-29961,-29949,-6510,-29974,-29975,-29979,-29977,-29982,-29983,-29983,-29984,-29986,-29987,-29987,-29988,-29990,-29991,-29991,-29992,-29993,-29994]} 1. d4 Nf6 2. c4 e6 3. Nf3 Bb4+ 4. Bd2 Qe7 5. a3 Bxd2+ 6. Qxd2 O-O {LiveBook: 23 Games. E11: Bogo-Indian} (6... d5 7. Nc3 O-O 8. e3 Rd8 9. Qc2 dxc4 10. Bxc4 c5 11. O-O cxd4 12. Nxd4 Bd7 13. Rfd1 Nc6 14. Nxc6 Bxc6 15. Rxd8+ Rxd8 16. Rd1 Rxd1+ {½-½ (16) Vallejo Pons,F (2711)-Vazquez Igarza,R (2589) Madrid 2016}) 7. e3 d6 8. Be2 e5 {The position is equal.} 9. O-O Nc6 10. Nc3 $146 ({Predecessor:} 10. d5 Nb8 11. Nc3 e4 12. Nd4 Re8 13. Rfd1 {0-1 (55) Chikman,A-Emiroglu,C (1990) Sibenik 2007}) 10... e4 11. Ne1 Bf5 12. Nc2 Rad8 13. b4 Nb8 14. b5 c5 15. bxc6 bxc6 16. Na4 c5 17. Qa5 {[%cal Rd4c5]} Nc6 18. Qd2 Ng4 19. Rab1 Qh4 {[%csl Gg4][%cal Rh4h2]} 20. Bxg4 Bxg4 21. Rb7 Qg5 {White must now prevent ...Bf3.} 22. Kh1 cxd4 23. Nxd4 Ne5 24. Nb2 a6 25. Rb6 Qh5 26. Rxa6 Rfe8 27. Ra5 Qh4 28. f4 (28. a4 $11) 28... exf3 $1 $15 29. gxf3 Bh3 $40 {[%mdl 128] Black mounts an attack.} 30. Qe1 ({Better is} 30. Rg1 $15) 30... Ng6 $2 ({Worse is} 30... Qg5 31. Rg1 $11) ({Black should try} 30... Qf6 $1 $17 31. Rf2 Nxc4 $1 {[%mdl 512]} 32. Nxc4 Qxd4) 31. Rg1 Qf6 32. Qf2 Bc8 {[%cal Bh3c8,Bc8b7,Bb7e4][%mdl 32]} 33. Rag5 Re5 34. Rxe5 $2 (34. R5g2 $11) 34... dxe5 $19 35. Nb5 Bb7 36. e4 $2 {[#]} (36. Rf1) 36... Bxe4 $1 {[%mdl 512]} 37. Rf1 (37. fxe4 Qxf2) 37... Bb7 38. Nc3 h6 39. Ne4 Qe7 40. c5 Kh7 41. Nd6 Bc6 42. Nbc4 Rb8 43. Qc2 Qf6 44. Ne4 (44. Kg1 {is a better defense.}) 44... Qf4 45. Qd2 Qf5 46. Qc2 Qh3 {[%cal Rh3f1]} 47. Ng3 Qe6 48. Na5 $2 (48. Ne4) 48... Bd5 49. c6 Rc8 50. a4 Bxc6 51. Nxc6 Rxc6 ({Not} 51... Qxc6 52. Qxc6 Rxc6 53. Ra1 $17) 52. Qb1 Ra6 53. Qb5 Nh4 54. Re1 $2 (54. Qb4 Qh3 55. Rf2) 54... Qf6 55. Rf1 g6 56. Ne4 Qe6 57. Rf2 (57. Qb4 {was necessary.}) 57... Rc6 58. Qb2 (58. Nc5 $142 Qd6 59. Nd3) 58... Qc4 {( -> ...Qc1+)} 59. Ng3 Qc3 (59... Qd5 $142 60. Qe2 Rc1+ 61. Nf1 Qc5) 60. Qb7 $2 (60. Qxc3 Rxc3 61. f4) 60... Rf6 61. Qd5 Nxf3 62. Nf1 Kg7 63. a5 {[#]} e4 $1 64. a6 $2 (64. Qxe4 Ng5 65. Qg2) 64... Rxa6 $2 (64... e3 65. Nxe3 Qxe3) 65. Qxe4 Ng5 66. Qd5 (66. Qg2 $142) 66... Qc6 67. Qxc6 Rxc6 {[%mdl 4096] Endgame KRN-KRN} 68. Kg2 f5 69. Ne3 Ne4 70. Ra2 Kf6 71. Kf3 Kg5 72. Kg2 Rd6 73. Nf1 Kf4 74. Ra3 Rc6 75. Ne3 Kg5 $2 (75... g5 $19 {And now ...Rc5 would win.} 76. Nd5+ Ke5) 76. Rd3 $2 {[%mdl 8192]} (76. Ra2 $11 Rc3 77. Nd5) 76... Rc3 77. Rxc3 Nxc3 {KN-KN} 78. Nc4 Kf4 79. Nd6 g5 {[%cal Bg6g5,Bg5g4][%mdl 32]} 80. Nf7 h5 {[%cal Bh6h5,Bh5h4][%mdl 32]} 81. Nd6 Ne4 (81... g4 $142 82. Nc4 h4 83. Kg1 h3 84. Nd6 Ne4 85. Nb5 Ke3 86. Nc7 f4 87. Nd5+ Kf3 88. Nb4 Ke2 89. Nc6 f3 90. Nd4+ Ke1 91. Nc2+ Kd2 92. Nd4 f2+ 93. Kf1 g3 94. hxg3 Kd3 95. Nc2 h2 96. Nb4+ Kd2 97. Kg2 {[#]} f1=Q+ $1 {[%mdl 512]} 98. Kxh2 Qf2+ 99. Kh3 Qxg3#) 82. Nc4 g4 83. Nb6 Nc3 84. Nc4 h4 {Black mates.} 85. Nb2 Nd5 86. Nd3+ Ke4 87. Nc5+ Ke3 88. Nd7 f4 {[%cal Bf5f4,Bf4f3][%mdl 32]} 89. Ne5 f3+ 90. Kg1 g3 91. hxg3 hxg3 92. Nc4+ Ke2 {Precision: White = 30%, Black = 66%.} 0-1

[Event "WYCC 2018 G16"]
[Site "Halkidiki"]
[Date "2018.10.22"]
[Round "4"]
[White "Nestorovic, Katarina"]
[Black "Mikic, Ivana"]
[Result "1-0"]
[WhiteElo "2015"]
[BlackElo "1783"]
[Annotator "NA"]
[PlyCount "59"]
[EventDate "2018.10.20"]
[EventType "swiss"]
[EventCountry "GRE"]
[SourceTitle "playchess.com"]
[Source "ChessBase"]
[SourceQuality "1"]
[TimeControl "40/5400+30:1800+30"]

1. e4 {[%emt 0:00:00]} e5 {[%emt 0:00:00]} 2. Bc4 {[%emt 0:00:00]} Nf6 {[%emt 0:00:00]} 3. d3 {[%emt 0:00:01]} Bc5 {[%emt 0:00:17]} 4. Nc3 {[%emt 0:00:21]} O-O {[%emt 0:00:20]} 5. f4 {[%emt 0:00:39]} exf4 {[%emt 0:02:56]} 6. Bxf4 {[%emt 0:00:15]} d6 {[%emt 0:01:32]} 7. Nf3 {[%emt 0:01:01]} Be6 {[%emt 0:02:03]} 8. Bb3 {[%emt 0:01:43]} Nbd7 {[%emt 0:02:33]} 9. Qd2 {[%emt 0:01:46]} Qe7 {[%emt 0:07:59]} 10. O-O-O {[%emt 0:02:51]} Ng4 $18 {[%emt 0:04:27]} (10... Bxb3 $11 11. axb3 Rfe8) 11. d4 {[%emt 0:06:56]} Bb6 {[%emt 0:06:57]} 12. d5 {[%emt 0:05:01]} Nf2 {[%emt 0:01:05]} 13. dxe6 {[%emt 0:02:21]} fxe6 {[%emt 0:00:20]} 14. Rhf1 {[%emt 0:14:11]} Nxd1 {[%emt 0:00:23]} 15. Rxd1 {[%emt 0:00:30]} Nc5 {[%emt 0:04:58]} 16. Bc4 {[%emt 0:02:07]} Kh8 {[%emt 0:05:15]} 17. Kb1 {[%emt 0:03:04]} Qf6 {[%emt 0:06:48]} 18. Be3 {[%emt 0:06:37]} Qg6 {[%emt 0:06:17]} 19. Ng5 {[%emt 0:11:35]} Rae8 {[%emt 0:06:08]} 20. h4 {[%emt 0:08:27]} Nxe4 {[%emt 0:14:25]} 21. Ncxe4 {[%emt 0:01:47]} Bxe3 {[%emt 0:00:18]} 22. Qxe3 {[%emt 0:00:42]} d5 {[%emt 0:00:41]} 23. Bb5 {[%emt 0:05:36]} c6 {[%emt 0:09:33]} 24. Nd6 {[%emt 0:01:03]} Re7 {[%emt 0:01:11]} 25. Bd3 {[%emt 0:02:09]} Qh5 {[%emt 0:01:17]} 26. Rh1 {[%emt 0:01:45]} h6 {[%emt 0:03:25]} 27. Nf3 {[%emt 0:03:36]} Qg4 {[%emt 0:02:21]} 28. Ne5 {[%emt 0:01:27]} d4 {[%emt 0:03:10]} 29. Qd2 {[%emt 0:01:08]} Qg3 {[%emt 0:00:59]} 30. Ng6+ {[%emt 0:00:18]} 1-0

[Event "WYCC 2018 G16"]
[Site "Halkidiki"]
[Date "2018.10.22"]
[Round "4"]
[White "Bogdanic, Katarina"]
[Black "Yurasova, Daria"]
[Result "0-1"]
[WhiteElo "2014"]
[BlackElo "2193"]
[Annotator "NA"]
[PlyCount "70"]
[EventDate "2018.10.20"]
[EventType "swiss"]
[EventCountry "GRE"]
[SourceTitle "playchess.com"]
[Source "ChessBase"]
[SourceQuality "1"]
[TimeControl "40/5400+30:1800+30"]

1. c4 {[%emt 0:00:00]} e6 {[%emt 0:00:31]} 2. Nf3 {[%emt 0:00:00]} d5 {[%emt 0:00:09]} 3. g3 {[%emt 0:00:00]} d4 {[%emt 0:00:14]} 4. d3 {[%emt 0:00:00]} Nf6 {[%emt 0:00:20]} 5. Bg2 {[%emt 0:00:13]} c5 {[%emt 0:00:13]} 6. O-O {[%emt 0:00:31]} Nc6 {[%emt 0:00:05]} 7. e3 {[%emt 0:00:59] A09: Réti Opening: 1 Nf3 d5 2 c4} Bd6 {[%emt 0:00:24]} 8. Na3 {[%emt 0:01:32]} (8. a3 a5 9. Nbd2 O-O 10. e4 e5 11. h3 Bd7 12. Nh2 Qc8 13. f4 Bxh3 14. f5 Bxg2 15. Kxg2 {½-½ (31) Aronian,L (2780)-Yilmaz,M (2633) Batumi 2018}) 8... O-O {[%emt 0:00:14]} 9. exd4 {[%emt 0:03:22]} cxd4 {[%emt 0:00:36]} 10. Nc2 {[%emt 0:00:36]} e5 {[%emt 0:00:01]} 11. Re1 {[%emt 0:01:53]} Re8 {[%emt 0:01:44]} 12. Bg5 {[%emt 0:00:52]} Bf5 {[%emt 0:07:14]} 13. b4 {[%emt 0:16:48]} a6 {[%emt 0:02:04]} 14. a4 $146 {[%emt 0:04:10]} ({Predecessor:} 14. Nh4 Bd7 15. c5 Bf8 16. Qf3 {1-0 (57) Pavlov,S (2485)-Polivanov,A (2383) Batumi 2018}) 14... h6 {[%emt 0:14:43]} 15. Nh4 {[%emt 0:03:02]} Bxd3 {[%emt 0:25:13]} 16. Bxc6 {[%emt 0:35:20]} Bxc2 {[%emt 0:06:58]} 17. Qxc2 {[%emt 0:04:46]} bxc6 {[%emt 0:00:19]} 18. Bxf6 {[%emt 0:00:21]} Qxf6 {[%emt 0:00:07]} 19. b5 {[%emt 0:01:38]} axb5 {[%emt 0:10:47]} 20. axb5 {[%emt 0:00:19]} Rxa1 {[%emt 0:04:54]} 21. Rxa1 {[%emt 0:00:05]} cxb5 {[%emt 0:00:07]} 22. cxb5 {[%emt 0:00:26]} e4 {[%emt 0:00:20]} 23. Ra6 {[%emt 0:01:13]} e3 {[%emt 0:01:54]} 24. fxe3 {[%emt 0:01:03]} dxe3 {[%emt 0:00:38]} 25. Qe2 {[%emt 0:00:39]} Qe5 {[%emt 0:04:36]} 26. Nf3 $19 {[%emt 0:01:02]} Qd5 {[%emt 0:00:37]} 27. Ra2 {[%emt 0:02:45]} Bc5 {[%emt 0:01:39]} 28. Kf1 {[%emt 0:02:04]} Re6 {[%emt 0:02:01]} 29. Ra6 {[%emt 0:01:05]} Re4 {[%emt 0:00:55]} 30. Rc6 {[%emt 0:03:17]} Rc4 {[%emt 0:01:15]} 31. Kg2 {[%emt 0:01:23]} Qe4 {[%emt 0:01:34]} 32. Kg1 {[%emt 0:05:27]} Rc1+ {[%emt 0:00:07]} 33. Ne1 {[%emt 0:00:30]} Qb1 {[%emt 0:00:27]} 34. Rc8+ {[%emt 0:01:28]} Kh7 {[%emt 0:00:18]} 35. Rxc5 {[%emt 0:00:18]} Rxe1+ {[%emt 0:00:09]} 0-1

[Event "WYCC 2018 G16"]
[Site "Halkidiki"]
[Date "2018.10.22"]
[Round "4"]
[White "Duson, Robin"]
[Black "Serikbay, Assel"]
[Result "0-1"]
[WhiteElo "1999"]
[BlackElo "2166"]
[Annotator "NA"]
[PlyCount "72"]
[EventDate "2018.10.20"]
[EventType "swiss"]
[EventCountry "GRE"]
[SourceTitle "playchess.com"]
[Source "ChessBase"]
[SourceQuality "1"]
[TimeControl "40/5400+30:1800+30"]

1. d4 {[%emt 0:00:00]} d5 {[%emt 0:00:00]} 2. c4 {[%emt 0:00:00]} c6 {[%emt 0:00:00]} 3. Nc3 {[%emt 0:00:04]} Nf6 {[%emt 0:00:00]} 4. Nf3 {[%emt 0:00:19]} a6 {[%emt 0:00:00]} 5. c5 {[%emt 0:00:24]} Nbd7 {[%emt 0:00:09]} 6. Bf4 {[%emt 0:00:38]} Nh5 {[%emt 0:00:24]} 7. Bd2 {[%emt 0:00:19]} e5 {[%emt 0:00:56] D15: Slav Defence: 4 Nc3 a6 and gambit lines after 4 Nc3 dxc4} 8. Nxe5 {[%emt 0:10:04]} Nxe5 {[%emt 0:00:10]} 9. dxe5 {[%emt 0:00:08]} Qe7 {[%emt 0:00:53]} 10. Be3 {[%emt 0:03:32]} Qxe5 {[%emt 0:01:41]} 11. Bd4 {[%emt 0:00:50]} Qg5 {[%emt 0:09:28]} 12. e3 {[%emt 0:04:50]} Nf6 $146 {[%emt 0:06:17]} ({Predecessor:} 12... Be7 13. h4 Qg6 14. Be2 Nf6 15. h5 Qxg2 {½-½ (26) Wojtaszek,R (2630)-Morozevich,A (2747) Pamplona 2006}) 13. Qc2 {[%emt 0:09:52]} Be7 {[%emt 0:06:51]} 14. O-O-O {[%emt 0:02:48]} O-O {[%emt 0:01:42]} 15. Bd3 {[%emt 0:05:17]} h5 {[%emt 0:13:01]} 16. h4 {[%emt 0:12:04]} Qh6 {[%emt 0:06:32]} 17. Na4 {[%emt 0:05:14]} Be6 {[%emt 0:12:31]} 18. f3 {[%emt 0:05:52]} Nd7 {[%emt 0:03:52]} 19. g4 {[%emt 0:07:28]} hxg4 {[%emt 0:01:45]} 20. fxg4 {[%emt 0:04:08]} Bxg4 {[%emt 0:02:07]} 21. Rdf1 $17 {[%emt 0:02:14]} f6 {[%emt 0:19:29]} 22. Bf5 {[%emt 0:03:12]} Ne5 {[%emt 0:03:30]} 23. Bxg4 {[%emt 0:02:24]} Nxg4 {[%emt 0:00:04]} 24. Qf5 {[%emt 0:00:30]} Ne5 {[%emt 0:00:43]} 25. Rf4 {[%emt 0:07:44]} Rae8 {[%emt 0:04:12]} 26. Rg1 {[%emt 0:05:35]} Qh7 {[%emt 0:02:13]} 27. Qe6+ {[%emt 0:01:42]} Kh8 {[%emt 0:03:07]} 28. Bxe5 {[%emt 0:02:21]} Bxc5 {[%emt 0:00:25]} 29. Qh3 {[%emt 0:00:56]} fxe5 {[%emt 0:01:04]} 30. Rxf8+ {[%emt 0:02:30]} Bxf8 {[%emt 0:00:03]} 31. Qd7 {[%emt 0:00:21]} Re7 {[%emt 0:00:53]} 32. Qd8 {[%emt 0:00:58]} Rf7 {[%emt 0:00:11]} 33. Nc5 {[%emt 0:00:27]} Rf2 {[%emt 0:00:22]} 34. e4 {[%emt 0:00:32]} Qh6+ {[%emt 0:00:54]} 35. Rg5 {[%emt 0:00:38]} Qxh4 {[%emt 0:00:22]} 36. Ne6 {[%emt 0:01:29]} Qh1+ {[%emt 0:00:06]} 0-1

[Event "WYCC 2018 G16"]
[Site "Halkidiki"]
[Date "2018.10.22"]
[Round "4"]
[White "Zhang, Xiao"]
[Black "Schulze, Lara"]
[Result "1-0"]
[WhiteElo "1980"]
[BlackElo "2122"]
[Annotator "NA"]
[PlyCount "77"]
[EventDate "2018.10.20"]
[EventType "swiss"]
[EventCountry "GRE"]
[SourceTitle "playchess.com"]
[Source "ChessBase"]
[SourceQuality "1"]
[TimeControl "40/5400+30:1800+30"]

1. d4 {[%emt 0:00:00]} Nf6 {[%emt 0:00:00]} 2. g3 {[%emt 0:00:00]} d5 {[%emt 0:00:57]} 3. Bg2 {[%emt 0:00:00]} e6 {[%emt 0:00:06]} 4. c4 {[%emt 0:00:06]} Be7 {[%emt 0:00:37]} 5. Nf3 {[%emt 0:00:09]} O-O {[%emt 0:00:15]} 6. Nc3 {[%emt 0:00:07]} dxc4 {[%emt 0:04:55]} 7. Ne5 {[%emt 0:00:16]} Nc6 {[%emt 0:02:49]} 8. Bxc6 {[%emt 0:00:15] E06: Closed Catalan: Early deviations} bxc6 {[%emt 0:00:04]} 9. Nxc6 {[%emt 0:00:05]} Qe8 {[%emt 0:00:42]} 10. Nxe7+ {[%emt 0:00:10]} Qxe7 {[%emt 0:00:01]} 11. Qa4 {[%emt 0:00:43]} e5 {[%emt 0:21:10]} (11... c5 12. dxc5 Qxc5 13. Be3 Qc7 14. O-O-O Ng4 15. Rd2 Nxe3 16. fxe3 Rb8 17. Rhd1 a5 18. Kb1 h6 19. Ka1 Rb4 {1-0 (49) Caruana,F (2822)-Nakamura,H (2777) Saint Louis 2018}) 12. dxe5 {[%emt 0:05:43]} Qxe5 {[%emt 0:00:57]} 13. Bf4 {[%emt 0:06:13]} Qe6 {[%emt 0:06:48]} 14. O-O {[%emt 0:04:22]} Ne4 {[%emt 0:10:55]} 15. Qc2 $146 {[%emt 0:09:42]} ({Predecessor:} 15. Rfe1 Rb8 16. Qc2 Bb7 17. Nxe4 Bxe4 18. Qc3 Ba8 19. f3 Qb6+ {1-0 (93) Lahlum,H (2307)-Pagliafora,A (2263) ICCF email 2013}) 15... Nxc3 {[%emt 0:06:14]} 16. bxc3 {[%emt 0:01:52]} Re8 {[%emt 0:03:07]} 17. Rfe1 {[%emt 0:02:59]} Bb7 {[%emt 0:01:02]} 18. f3 {[%emt 0:01:38]} h6 {[%emt 0:05:26]} 19. g4 {[%emt 0:13:19]} Rad8 {[%emt 0:10:04]} 20. Rab1 {[%emt 0:02:17]} Bc6 {[%emt 0:05:17]} 21. Qf5 {[%emt 0:16:08]} Qe7 {[%emt 0:05:10]} 22. Qa5 {[%emt 0:02:26]} g5 {[%emt 0:04:34]} 23. Bg3 {[%emt 0:03:35]} Rd2 $11 {[%emt 0:01:27]} 24. Qa6 {[%emt 0:12:34]} Qe6 {[%emt 0:03:05]} 25. Bf2 {[%emt 0:00:44]} Bd7 {[%emt 0:04:39]} 26. Qxa7 {[%emt 0:00:44]} Qc6 {[%emt 0:01:51]} 27. Rb7 {[%emt 0:02:38]} Qd5 {[%emt 0:00:46]} 28. Rxc7 {[%emt 0:01:25]} Rd1 {[%emt 0:00:20]} 29. Kg2 {[%emt 0:01:18]} Be6 {[%emt 0:00:37]} 30. Qa4 {[%emt 0:01:04]} Rd8 {[%emt 0:00:02]} 31. Rxd1 {[%emt 0:02:19]} Qxd1 {[%emt 0:00:01]} 32. Qxd1 {[%emt 0:00:07]} Rxd1 {[%emt 0:00:05]} 33. Bd4 {[%emt 0:00:19]} Rd2 {[%emt 0:00:57]} 34. Ra7 {[%emt 0:00:05]} f5 {[%emt 0:00:51]} 35. Re7 {[%emt 0:04:15]} Bf7 {[%emt 0:01:05]} 36. gxf5 {[%emt 0:00:27]} Rxa2 {[%emt 0:00:10]} 37. Kg3 {[%emt 0:00:19]} Ra1 {[%emt 0:00:33]} 38. Rc7 {[%emt 0:00:17]} Ra8 {[%emt 0:00:30]} 39. e4 {[%emt 0:00:06]} 1-0